Miasta na literę K w mazowszu - Statystyki

Ogólne statystyki
  • Ten quiz został rozwiązany 21 razy
  • Średni wynik to 3 z 6
Statystyki odpowiedzi
Populacja Miasto % Poprawnych
17 006 Konstancin-Jeziorna
77%
9338 Karczew
62%
27 998 Kobyłka
62%
15 760 Kozienice
54%
2700 Kałuszyn
31%
1973 Kosów Lacki
31%
Nie znaleziono quizów pasujących do podanych kryteriów
Rozkład punktacji
Procent ludzi z każdym wynikiem
Percentyl według liczby udzielonych odpowiedzi
Twoja historia wyników
Nie rozwiązałeś tego quizu